| 000 | 00852cam a2200289 i 4500 | ||
|---|---|---|---|
| 001 | 1761064 | ||
| 003 | YEEZEN | ||
| 005 | 20241226134859.0 | ||
| 008 | 240905s2024 ch ak 000 0 chi c | ||
| 020 |
_a9786263618268 _q(平裝) : _c新台幣380元 |
||
| 040 |
_aPVY _bchi _cPVY |
||
| 041 | 0 | _achi | |
| 042 | _anbic | ||
| 090 | _a528.2 | ||
| 100 | 1 |
_a胡展誥 _4著 |
|
| 245 | 1 | 0 |
_a情緒流動 : _b11個內在對話練習,陪伴孩子調節情緒 / _c胡展誥著 |
| 246 | 3 | 3 | _a十一個內在對話練習,陪伴孩子調節情緒 |
| 250 | _a初版一刷 | ||
| 260 |
_a台北市 : _b遠流, _c2024.08 |
||
| 300 |
_a245面 : _b圖,表 ; _c21公分 |
||
| 490 | 1 |
_a綠蠹魚 ; _vYLNB94. |
|
| 650 | 7 |
_2lcstt _a情緒教育 |
|
| 650 | 7 |
_2lcstt _a親職教育 |
|
| 650 | 7 |
_2lcstt _a子女教育 |
|
| 830 | 0 |
_a綠蠹魚 ; _vYLNB94. |
|
| 942 |
_2ccl _cBOOK |
||
| 999 |
_c7623 _d7623 |
||